[Event "FRA-chT2 North 0809"]
[Site "France"]
[Date "2009.03.15"]
[Round "9.3"]
[White "Loukili, Abdelillah"]
[Black "Van Rompu, Alexandre"]
[Result "1-0"]
[WhiteElo "2136"]
[BlackElo "2130"]
[PlyCount "51"]
[EventDate "2008.10.19"]
[EventType "team-tourn"]
[EventRounds "11"]
[EventCountry "FRA"]
[SourceTitle "EXT 2010"]
[Source "ChessBase"]
[SourceDate "2010.11.25"]
[SourceVersion "1"]
[SourceVersionDate "2010.11.25"]
[SourceQuality "1"]
[WhiteTeam "Livry Gargan"]
[BlackTeam "Henin Beaumont"]
[WhiteTeamCountry "FRA"]
[BlackTeamCountry "FRA"]

1. d4 d5 2. c4 c6 3. Nc3 Nf6 4. e3 e6 5. Nf3 Nbd7 6. Bd3 dxc4 7. Bxc4 b5 8. Bd3 Bb7 9. 0-0 a6 10. a3 c5 11. Qe2 Qc7 12. e4 cxd4 13. Nxd4 Bd6 14. h3 Rd8 15. Rd1 Be5 16. Be3 0-0 17. Rac1 Qb8 18. b4 Bxd4 19. Bxd4 Ne5 20. Bb1 Nfd7 21. f4 Nc4 22. a4 Qxf4 23. axb5 e5 24. Bf2 axb5 25. Nxb5 Ba6 26. Nc7 1-0

[Event "FRA-chT2 North 0809"]
[Site "France"]
[Date "2008.11.22"]
[Round "2.3"]
[White "Castaignet, Laurent"]
[Black "Van Rompu, Alexandre"]
[Result "1/2-1/2"]
[WhiteElo "2168"]
[BlackElo "2126"]
[PlyCount "194"]
[EventDate "2008.10.19"]
[EventType "team-tourn"]
[EventRounds "11"]
[EventCountry "FRA"]
[SourceTitle "EXT 2010"]
[Source "ChessBase"]
[SourceDate "2010.11.25"]
[SourceVersion "1"]
[SourceVersionDate "2010.11.25"]
[SourceQuality "1"]
[WhiteTeam "Le Vesinet"]
[BlackTeam "Henin Beaumont"]
[WhiteTeamCountry "FRA"]
[BlackTeamCountry "FRA"]

1. e4 c5 2. Nf3 a6 3. c3 d5 4. d3 dxe4 5. dxe4 Qxd1+ 6. Kxd1 Nc6 7. Be3 e5 8. Nbd2 Nf6 9. h3 Be7 10. Bc4 0-0 11. Bd5 Bd7 12. Nc4 Rad8 13. Ke2 b5 14. Ncxe5 Nxe5 15. Nxe5 Nxd5 16. exd5 Be8 17. Rhd1 f6 18. Nc6 Bxc6 19. dxc6 Rxd1 20. Rxd1 Rc8 21. Rd7 Kf8 22. c7 Ke8 23. Rxe7+ Kxe7 24. Bxc5+ Kd7 25. Bb6 Re8+ 26. Kd2 f5 27. h4 Re6 28. Ba5 Re4 29. g3 f4 30. gxf4 Rxf4 31. Ke3 Rxh4 32. Kf3 Ra4 33. Bb6 Rxa2 34. b4 Rc2 35. Bd4 g6 36. Be5 Rd2 37. Ke3 Rd5 38. Bg3 Rf5 39. Ke4 Rf6 40. Kd5 Rc6 41. Be5 Rxc7 42. Bxc7 Kxc7 43. Ke5 Kc6 44. Kf6 Kd5 45. f4 h5 46. Kxg6 h4 47. f5 h3 48. f6 h2 49. f7 h1Q 50. f8Q Qg2+ 51. Kh7 Qh3+ 52. Kg8 Qg3+ 53. Kh7 Qxc3 54. Qa8+ Kc4 55. Qxa6 Qxb4 56. Qe6+ Kc3 57. Qe1+ Kb3 58. Qb1+ Ka4 59. Qa2+ Qa3 60. Qc2+ Qb3 61. Qc6 Ka3 62. Qc1+ Ka2 63. Qd2+ Kb1 64. Qe1+ Kb2 65. Qe5+ Ka3 66. Qa1+ Qa2 67. Qc3+ Ka4 68. Qc6 Qf7+ 69. Kh6 Qc4 70. Qa6+ Kb3 71. Qa1 b4 72. Qb1+ Ka3 73. Qa1+ Qa2 74. Qc1+ Qb2 75. Qe3+ Ka2 76. Qe6+ b3 77. Qa6+ Kb1 78. Kh7 Qc2+ 79. Kg8 Qg2+ 80. Kh8 Qh3+ 81. Kg7 b2 82. Qg6+ Ka2 83. Qa6+ Qa3 84. Qc4+ Qb3 85. Qa6+ Kb1 86. Qf1+ Kc2 87. Qe2+ Kc1 88. Qe1+ Qd1 89. Qc3+ Kb1 90. Kh8 Ka2 91. Qc4+ Kb1 92. Qc3 Qh1+ 93. Kg7 Qb7+ 94. Kh8 Ka2 95. Qc4+ Ka3 96. Qc3+ Ka4 97. Qc4+ Ka5 1/2-1/2

[Event "FRA-chT2 Nord 0708"]
[Site "France"]
[Date "2008.03.16"]
[Round "9.4"]
[White "Pira, Davoud"]
[Black "Van Rompu, Alexandre"]
[Result "0-1"]
[WhiteElo "2406"]
[BlackElo "2112"]
[PlyCount "76"]
[EventDate "2007.10.21"]
[EventType "team"]
[EventRounds "11"]
[EventCountry "FRA"]
[SourceTitle "EXT 2009"]
[Source "ChessBase"]
[SourceDate "2008.11.26"]
[SourceVersion "1"]
[SourceVersionDate "2008.11.26"]
[SourceQuality "1"]
[WhiteTeam "Rueil Malmaison"]
[BlackTeam "Henin Beaumont"]
[WhiteTeamCountry "FRA"]
[BlackTeamCountry "FRA"]

1. d4 d5 2. c4 c6 3. cxd5 cxd5 4. Nc3 Nf6 5. Bf4 Nc6 6. e3 e6 7. Bd3 Bd6 8. Bg3 0-0 9. Nf3 Re8 10. Ne5 Bxe5 11. dxe5 Nd7 12. f4 Qb6 13. 0-0 Qxe3+ 14. Kh1 a6 15. Rf3 Qc5 16. Bf2 Qe7 17. Rh3 f5 18. g4 Qf7 19. gxf5 exf5 20. Be2 Nf8 21. Nxd5 Be6 22. Rd3 Rad8 23. Bf3 Ng6 24. Bg3 Rd7 25. Qd2 Red8 26. Rd1 Kh8 27. Bf2 Ngxe5 28. fxe5 Nxe5 29. Qa5 Nxd3 30. Rxd3 h6 31. Bh4 Rxd5 32. Rxd5 Rxd5 33. Bxd5 Bxd5+ 34. Kg1 Qg6+ 35. Bg3 Qc6 36. a3 Qc1+ 37. Qe1 Qxb2 38. Be5 Qg2# 0-1

[Event "France-ch U20"]
[Site "Reims"]
[Date "2004.04.22"]
[Round "6"]
[White "Van Rompu, Alexandre"]
[Black "Alanic, Xavier"]
[Result "0-1"]
[WhiteElo "1960"]
[BlackElo "2175"]
[PlyCount "104"]
[EventDate "2004.04.??"]
[EventType "swiss"]
[EventRounds "9"]
[EventCountry "FRA"]
[SourceTitle "EXT 2005"]
[Source "ChessBase"]
[SourceDate "2004.11.15"]
[SourceVersion "1"]
[SourceVersionDate "2004.11.15"]
[SourceQuality "1"]

1. e4 g6 2. d4 c6 3. Nc3 Bg7 4. Be2 d5 5. Be3 dxe4 6. Nxe4 Nh6 7. Qd2 Nf5 8. Nf3 Nxe3 9. fxe3 Nd7 10. Bc4 0-0 11. 0-0 Nf6 12. Nxf6+ exf6 13. e4 Re8 14. Rae1 Qb6 15. e5 Be6 16. Qc3 Rad8 17. exf6 Bxf6 18. Bxe6 Rxe6 19. Rxe6 fxe6 20. Qc4 Rd5 21. b3 Bxd4+ 22. Kh1 Qb5 23. Qxb5 cxb5 24. Rd1 Bf6 25. Rxd5 exd5 26. Kg1 Kf7 27. Kf2 Ke6 28. Ke3 Kd6 29. Kd3 Kc5 30. c3 b4 31. c4 dxc4+ 32. bxc4 b5 33. Nd2 bxc4+ 34. Nxc4 Kb5 35. Ne3 a5 36. Kc2 a4 37. h3 Kc5 38. Kd3 h5 39. g4 h4 40. Nc2 b3 41. axb3 axb3 42. Na3 Kb4 43. Nb1 Bg5 44. Kd4 Bc1 45. Kd3 g5 46. Kd4 b2 47. Kd3 Kb3 48. Nc3 Bf4 49. Nb1 Bc7 50. Nd2+ Ka2 51. Kc2 Ba5 52. Nb1 Bb4 0-1

[Event "FRA-chT2 0304"]
[Site "France"]
[Date "2004.04.04"]
[Round "11"]
[White "Aveline, Philippe"]
[Black "Van Rompu, Alexandre"]
[Result "1/2-1/2"]
[WhiteElo "2220"]
[BlackElo "1960"]
[PlyCount "96"]
[EventDate "2003.10.??"]
[EventType "team"]
[EventRounds "11"]
[EventCountry "FRA"]
[SourceTitle "EXT 2005"]
[Source "ChessBase"]
[SourceDate "2004.11.15"]
[SourceVersion "1"]
[SourceVersionDate "2004.11.15"]
[SourceQuality "1"]

1. e4 c5 2. c3 d5 3. exd5 Qxd5 4. d4 Nc6 5. Nf3 Bg4 6. Be2 Rd8 7. h3 Bxf3 8. Bxf3 Qe6+ 9. Be3 cxd4 10. cxd4 Nxd4 11. Bxb7 Qc4 12. Nc3 e5 13. Bxd4 Rxd4 14. Qe2 Qxe2+ 15. Kxe2 Bb4 16. Rac1 Ne7 17. a3 Ba5 18. b4 Bb6 19. Nb5 Rd7 20. Rhd1 Rxd1 21. Rxd1 0-0 22. Rd7 Nf5 23. Bd5 Nd4+ 24. Nxd4 Bxd4 25. Bb3 g5 26. g4 Kg7 27. f3 Rc8 28. Rxf7+ Kg6 29. Rb7 Rc3 30. Bf7+ Kf6 31. Bd5 Rxa3 32. Rxh7 Ra4 33. b5 Rb4 34. Bc6 Rb3 35. Kd2 Kg6 36. Be4+ Kf6 37. Bc6 Kg6 38. Rh5 Kf6 39. h4 gxh4 40. Rxh4 Ra3 41. Bd5 Be3+ 42. Ke2 Bg5 43. Rh8 Re3+ 44. Kf2 Rd3 45. Be4 Rd2+ 46. Ke1 Rb2 47. Bc6 Be3 48. Rh5 Bf4 1/2-1/2

[Event "FRA-chT2 0304"]
[Site "France"]
[Date "2004.04.03"]
[Round "10"]
[White "Van Rompu, Alexandre"]
[Black "Konopka, Jeremiasz"]
[Result "0-1"]
[WhiteElo "1960"]
[BlackElo "2030"]
[PlyCount "60"]
[EventDate "2003.10.??"]
[EventType "team"]
[EventRounds "11"]
[EventCountry "FRA"]
[SourceTitle "EXT 2005"]
[Source "ChessBase"]
[SourceDate "2004.11.15"]
[SourceVersion "1"]
[SourceVersionDate "2004.11.15"]
[SourceQuality "1"]

1. e4 c5 2. Nf3 Nc6 3. Bb5 a6 4. Bxc6 dxc6 5. 0-0 g6 6. d4 cxd4 7. Qxd4 Qxd4 8. Nxd4 Bg7 9. c3 e5 10. Nb3 Nf6 11. f3 0-0 12. Be3 Be6 13. N1d2 Nd7 14. Rfd1 b6 15. Nc4 Bxc4 16. Rxd7 c5 17. Rad1 Be6 18. R7d6 c4 19. Na1 b5 20. Nc2 a5 21. Rb6 Rfb8 22. Rdd6 Bf8 23. Rxb8 Rxb8 24. Ra6 b4 25. Rb6 Rxb6 26. Bxb6 b3 27. axb3 cxb3 28. Na1 a4 29. Be3 a3 30. Bc1 Bc5+ 0-1